000
00290nam a22001337a 4500
003
SGT
082
_a
346.066,RAM
100
_a
RAMAIYA,A
245
_a
GUIDE TO THE COMPANIES ACT
260
_a
NAGPUR
_b
WADHWA & COMPANY
_c
1988
300
_a
2333
650
_a
COMPANIES ACT
942
_2
ddc
_c
BK
999
_c
10930
_d
10930